| 000 -LEADER |
| fixed length control field |
01550pab a2200157 454500 |
| 008 - FIXED-LENGTH DATA ELEMENTS--GENERAL INFORMATION |
| fixed length control field |
180718b2016 xxu||||| |||| 00| 0 eng d |
| 100 ## - MAIN ENTRY--PERSONAL NAME |
| Personal name |
Amsler, Lisa Blomgren |
| 245 ## - TITLE STATEMENT |
| Title |
Collaborative governance: integrating management, politics, and law |
| 260 ## - PUBLICATION, DISTRIBUTION, ETC. |
| Date of publication, distribution, etc. |
2016 |
| 300 ## - PHYSICAL DESCRIPTION |
| Extent |
p.700-711. |
| 362 ## - DATES OF PUBLICATION AND/OR SEQUENTIAL DESIGNATION |
| Dates of publication and/or sequential designation |
Sep-Oct |
| 520 ## - SUMMARY, ETC. |
| Summary, etc. |
Scholars have engaged in an ongoing dialogue about the relationships among management, politics, and law in public administration. Collaborative governance presents new challenges to this dynamic. While scholars have made substantial contributions to our understanding of the design and practice of collaborative governance, others suggest that we lack theory for this emerging body of research. Law is often omitted as a variable. Scholarship generally does not explicitly include collaboration as a public value. This article addresses the dialogue on management, politics, and law with regard to collaborative governance. It provides an overview of the current legal framework for collaborative governance in the United States at the federal, state, and local levels of government and identifies gaps. The institutional analysis and development framework provides a body of theory that incorporates rules and law into research design. The article concludes that future research on collaborative governance should incorporate the legal framework as an important variable and collaboration as a public value. - Reproduced. |
| 650 ## - SUBJECT ADDED ENTRY--TOPICAL TERM |
| Topical term or geographic name entry element |
Public administration |
| 773 ## - HOST ITEM ENTRY |
| Main entry heading |
Public Administration Review |
| 909 ## - |
| -- |
112684 |